000 01874cam a22004457i 4500
999 _c535539
_d535539
001 20397838
003 NUST
005 20200916132308.0
008 180312s2017 njua b 001 0 eng d
010 _a 2017276240
020 _a9781118891001
035 _a(OCoLC)ocn885014885
038 _aMSOHAIL
040 _aYDXCP
_beng
_erda
_cYDXCP
_dOCLCQ
_dBTCTA
_dOCLCQ
_dINU
_dOCLCF
_dFWA
_dDLC
042 _alccopycat
050 0 0 _aTA1207
_b.L58 2017
082 _a380.285
_bLIU
100 1 _aLiu, Rongfang,
_eauthor.
_930149
245 1 0 _aAutomated transit :
_bplanning, operation, and applications /
_cRongfang (Rachel) Liu.
264 1 _aPiscataway, NJ :
_bIEEE Press ;
_aHoboken, New Jersey :
_bJohn Wiley & Sons, Inc.,
_c[2017]
300 _axxii, 200 pages :
_billustrations ;
_c24 cm.
336 _atext
_btxt
_2rdacontent
336 _astill image
_bsti
_2rdacontent
337 _aunmediated
_bn
_2rdamedia
338 _avolume
_bnc
_2rdacarrier
490 1 _aIEEE Press series on systems science and engineering ;
_v12
504 _aIncludes bibliographical references and index.
650 0 _aPersonal rapid transit.
_930150
650 0 _aLocal transit
_xAutomation.
_930151
650 0 _aAutomated vehicles.
_930152
650 0 _aTransportation engineering.
_9854
650 7 _aAutonomous vehicles.
_2fast
_0(OCoLC)fst01909261
_930153
650 7 _aLocal transit
_xAutomation.
_2fast
_0(OCoLC)fst01001531
_930151
650 7 _aPersonal rapid transit.
_2fast
_0(OCoLC)fst01058619
_930150
650 7 _aTransportation engineering.
_2fast
_0(OCoLC)fst01155272
_9854
830 0 _aIEEE Press series on systems science and engineering ;
_v12.
_930154
906 _a7
_bcbc
_ccopycat
_d2
_encip
_f20
_gy-gencatlg
942 _2ddc
_cBK